مكتبة جامعة عجلون الوطنية

فهرس بحث المكتبة

اثر الانتاج الاخضر بتعزيز السلامة المهنية للعاملين في مصانع الالبسة الاردنية = The Impact of Green Production in Enhancing Occupational Safety for Employees' at Jordanian Garments Factories/ (Record no. 33694)

MARC details
000 -LEADER
fixed length control field 01128nam a22002057a 4500
003 - CONTROL NUMBER IDENTIFIER
control field JO-AjAnu
005 - DATE AND TIME OF LATEST TRANSACTION
control field 20240921100147.0
008 - FIXED-LENGTH DATA ELEMENTS--GENERAL INFORMATION
fixed length control field 240918b jo ||||| |||| 00| 0 ara d
040 ## - CATALOGING SOURCE
Original cataloging agency JO-AjAnu
Language of cataloging ara
Transcribing agency JO-AjAnu
Description conventions rda
041 ## - LANGUAGE CODE
Language code of text/sound track or separate title ara
Language code of original ara
050 ## - LIBRARY OF CONGRESS CALL NUMBER
Classification number T55
Item number 2024
100 #1 - MAIN ENTRY--PERSONAL NAME
Personal name الطرابشة، زياد عارف
Relator term معد
9 (RLIN) 66225
245 #0 - TITLE STATEMENT
Title اثر الانتاج الاخضر بتعزيز السلامة المهنية للعاملين في مصانع الالبسة الاردنية = The Impact of Green Production in Enhancing Occupational Safety for Employees'<br/> at Jordanian Garments Factories/
Statement of responsibility, etc. اعداد إلهام زياد عارف الطرابشة ؛ اشراف نضال فواز حسين القضاة
260 ## - PUBLICATION, DISTRIBUTION, ETC.
Date of publication, distribution, etc. 2024
300 ## - PHYSICAL DESCRIPTION
Extent 90 ورقة
504 ## - BIBLIOGRAPHY, ETC. NOTE
Bibliography, etc. note رسالة جامعية(ماجستير في ادارة الاعمال)-(جامعة عجلون الوطنية) عجلون، الاردن، كلية الاعمال،2024.
650 70 - SUBJECT ADDED ENTRY--TOPICAL TERM
Topical term or geographic name entry element السلامة المهنية - الامن الصناعي
9 (RLIN) 66227
700 #1 - ADDED ENTRY--PERSONAL NAME
Personal name القضاة، نضال فواز حسين
9 (RLIN) 64939
Relator term مشرف
942 ## - ADDED ENTRY ELEMENTS (KOHA)
Source of classification or shelving scheme Library of Congress Classification
Koha item type Thesis
Suppress in OPAC No
Holdings
Withdrawn status Lost status Source of classification or shelving scheme Damaged status Not for loan Home library Current library Date acquired Total Checkouts Full call number Barcode Date last seen Price effective from Koha item type
    Library of Congress Classification     مكتبة جامعة عجلون الوطنية مكتبة جامعة عجلون الوطنية 18/09/2024   T55 2024 a30053 18/09/2024 18/09/2024 Thesis
    Library of Congress Classification     مكتبة جامعة عجلون الوطنية مكتبة جامعة عجلون الوطنية 18/09/2024   T55 2024 a30052 18/09/2024 18/09/2024 Thesis